Представление документа в формате RUSMARC

ПолеНазваниеЗначение
  Тип записи a
  Библиографический уровень m
001 Контрольный номер c29ffe5422d14dbfa8f779d036901114
005 Дата корректировки 20150924160624.0
200 Заглавие и сведения об ответственности 1_
a Заглавие Учет посреднических операций: торговля, услуги, туризм, перевозки, таможенные брокеры
b Общее обозначение материала Текст
210 Выходные данные 1_
a Место издания М.
c Издательство Издательско-консультационная компания "Статус-Кво 97"
d Дата издания 2000
215 Физическое описание __
a Объем 236 с.
330 Аннотация __
a Аннотация В книге изложены вопросы методологии бух. учета, налогообложения, анализа и отчетности в организациях, осуществляющих посреднические операции.
606 Тематические рубрики __
a Основная рубрика Бухгалтерский учет. Аудит
610 Ключевые слова 0_
a Ключевые слова документ, учет, бухгалтерский учет, операция, посредник, субкомиссия, агент, туристический, экспедитор, брокер, таможня, налогообложение, отчетность, анализ
686 Индексы других классификаций __
a Классификационный индекс 65.052.23
2 Код системы rubbk
700 Автор _1
a Фамилия Бабченко
b Имя Т. Н.
701 Альтернативная интеллектуальная ответственность _1
a Фамилия Чучкова
b Имя И. В.
852 Данные о местонахождении __
i Авторский знак Б 129
j Шифр хранения 65.052.23
938 Служебная информация __
a Название организации Волгоградский филиал
b Имя БД Каталог_ВКИ
c Название АИБС АИБС МАРК-SQL